Finanse

Saved in:
Bibliographic Details
Format: Serial
Language:Polish
Published: Warszawa Wyd. Ekon. 1985
Tags: Add Tag
No Tags, Be the first to tag this record!

MARC

LEADER 00000nas2a2200000 4500
001 s105213
005 20250730114155.9
041 0 |a pol 
044 |a PL 
245 1 0 |a Finanse 
264 1 |a Warszawa  |b Wyd. Ekon.  |c 1985 
300 |a 1 zv. 
773 0 |w eu_un_cat*s120702